|
|
|
|
| LEADER |
00000nab a2200000u 4500 |
| 001 |
vtls012059468 |
| 003 |
SK-MaSNL |
| 005 |
20260303210801.0 |
| 008 |
210621|20210618xo ||||||| || ||slo| |
| 038 |
|
|
|a KEVKJB
|
| 040 |
|
|
|a KEVKJB
|b slo
|e rda
|
| 041 |
0 |
|
|a slo
|
| 043 |
|
|
|a e-xo---
|
| 044 |
|
|
|a xo
|c SK
|
| 072 |
|
7 |
|a 614.84
|x Požiare. Ochrana pred požiarmi
|2 konspekt
|
| 080 |
|
|
|a 614.841
|2 2011
|
| 100 |
1 |
|
|a Vrábeľ, Jaroslav
|4 aut
|9 275721
|
| 245 |
1 |
0 |
|a V košickej nemocnici vypukol požiar. Evakuovať museli šesťdesiat pacientov
|b premiér Heger zmenil program a prišiel na miesto
|c Jaroslav Vrábeľ, Michal Lendel, Kristián Sabo
|
| 300 |
|
|
|b Fotografie
|
| 336 |
|
|
|a text
|b txt
|2 rdacontent
|
| 337 |
|
|
|a bez média
|b n
|2 rdamedia
|
| 338 |
|
|
|a zväzok
|b nc
|2 rdacarrier
|
| 610 |
2 |
7 |
|a Univerzitná nemocnica L. Pasteura Košice
|2 SNKKA
|9 155401
|
| 650 |
0 |
7 |
|a požiare
|2 SNKPH
|9 1504
|
| 651 |
|
7 |
|a Košice (Slovensko)
|2 SNKPHgeo
|9 18694
|
| 700 |
1 |
|
|a Lendel, Michal
|4 aut
|9 1086422
|
| 700 |
1 |
|
|a Sabo, Kristián
|4 aut
|9 872655
|
| 773 |
0 |
|
|t Korzár
|g Roč. XXIV., č. 139 (18.6.2021), s. 3
|x 2585-7355
|
| 852 |
|
|
|a KEVKJB
|b KIS3GCP
|
| 856 |
4 |
1 |
|u https://kosice.korzar.sme.sk/c/22684204/aktualne-hasici-zasahuju-v-kosickej-nemocnici-na-urgentnom-prijme.html
|
| 958 |
|
|
|a MI
|
| 999 |
|
|
|c 2201670
|d 2203600
|